A mixture of frailties / (Record no. 523652)
[ view plain ]
| 000 -LEADER | |
|---|---|
| fixed length control field | 00804cam a2200277 a 4500 |
| 001 - CONTROL NUMBER | |
| control field | 377585 |
| 003 - CONTROL NUMBER IDENTIFIER | |
| control field | NUST |
| 005 - DATE AND TIME OF LATEST TRANSACTION | |
| control field | 20190517071516.0 |
| 008 - FIXED-LENGTH DATA ELEMENTS--GENERAL INFORMATION | |
| fixed length control field | 820330s1979 nyu 000 1 eng |
| 010 ## - LIBRARY OF CONGRESS CONTROL NUMBER | |
| LC control number | 78074578 |
| 020 ## - INTERNATIONAL STANDARD BOOK NUMBER | |
| International Standard Book Number | 089696051X |
| 038 ## - RECORD CONTENT LICENSOR | |
| Staff Name | waseem |
| 040 ## - CATALOGING SOURCE | |
| Original cataloging agency | DLC |
| Transcribing agency | DLC |
| Modifying agency | DLC |
| 050 00 - LIBRARY OF CONGRESS CALL NUMBER | |
| Classification number | PR9199.3.D3 |
| Item number | M5 1979 |
| 082 00 - DEWEY DECIMAL CLASSIFICATION NUMBER | |
| Classification number | 813.54 |
| Author Mark | DAV |
| 100 1# - MAIN ENTRY--PERSONAL NAME | |
| Personal name | Davies, Robertson, |
| Dates associated with a name | 1913-1995. |
| 9 (RLIN) | 14425 |
| 245 12 - TITLE STATEMENT | |
| Title | A mixture of frailties / |
| Statement of responsibility, etc. | by Robertson Davies. |
| 260 ## - PUBLICATION, DISTRIBUTION, ETC. | |
| Place of publication, distribution, etc. | New York : |
| Name of publisher, distributor, etc. | Everest House, |
| Date of publication, distribution, etc. | c1979. |
| 300 ## - PHYSICAL DESCRIPTION | |
| Extent | 361 p. ; |
| Dimensions | 22 cm. |
| 650 #0 - SUBJECT ADDED ENTRY--TOPICAL TERM | |
| Topical term or geographic name entry element | Singers |
| General subdivision | Fiction. |
| 9 (RLIN) | 14426 |
| 650 #0 - SUBJECT ADDED ENTRY--TOPICAL TERM | |
| Topical term or geographic name entry element | Opera |
| General subdivision | Fiction. |
| 9 (RLIN) | 14427 |
| 655 #7 - INDEX TERM--GENRE/FORM | |
| Genre/form data or focus term | Didactic fiction. |
| Source of term | gsafd |
| 9 (RLIN) | 1062 |
| 655 #7 - INDEX TERM--GENRE/FORM | |
| Genre/form data or focus term | Musical fiction. |
| Source of term | lcsh |
| 9 (RLIN) | 12053 |
| 906 ## - LOCAL DATA ELEMENT F, LDF (RLIN) | |
| a | 7 |
| b | cbc |
| c | orignew |
| d | 2 |
| e | opcn |
| f | 19 |
| g | y-gencatlg |
| 942 ## - ADDED ENTRY ELEMENTS (KOHA) | |
| Source of classification or shelving scheme | |
| Koha item type | Book |
| Withdrawn status | Lost status | Source of classification or shelving scheme | Damaged status | Not for loan | Permanent Location | Current Location | Date acquired | Total Checkouts | Full call number | Barcode | Date last seen | Price effective from | Koha item type |
|---|---|---|---|---|---|---|---|---|---|---|---|---|---|
| Central Library (CL) | Central Library (CL) | 05/17/2019 | 813.54 DAV | CL-E-2037 | 02/24/2021 | 05/17/2019 | Book |
